Normal view
MARC view
- Clifton, A. W
Entry Personal Name
001 - CONTROL NUMBER
- control field: 47840
003 - CONTROL NUMBER IDENTIFIER
- control field: NUST
005 - DATE AND TIME OF LATEST TRANSACTION
- control field: 20210314133921.0
008 - FIXED-LENGTH DATA ELEMENTS
- fixed length control field: 210314|| aca||aabn | a|a d
040 ## - CATALOGING SOURCE
- Original cataloging agency: NUST
- Transcribing agency: NUST
100 ## - HEADING--PERSONAL NAME
- Personal name: Clifton, A. W
670 ## - SOURCE DATA FOUND
- Source citation: Work cat.: (NUST): Jumikis.R.A 47838, Soil Mechanics, c1999.
